[Event "Asia-ch U20"]
[Site "Shiraz"]
[Date "2017.05.03"]
[Round "1"]
[White "Motavas, Pouya"]
[Black "Tran, Minh Thang"]
[Result "0-1"]
[WhiteElo "1676"]
[BlackElo "2409"]
[PlyCount "58"]
[EventDate "2017.05.03"]
[EventType "swiss"]
[EventRounds "9"]
[EventCountry "IRI"]
[SourceTitle "CBM 178 Extra"]
[Source "ChessBase"]
[SourceDate "2017.06.22"]
[SourceVersion "1"]
[SourceVersionDate "2017.06.22"]
[SourceQuality "1"]

1. d4 Nf6 2. c4 g6 3. Nc3 d5 4. cxd5 Nxd5 5. e4 Nxc3 6. bxc3 Bg7 7. Bb5+ c6 8. Ba4 0-0 9. Ne2 b5 10. Bb3 a5 11. a4 b4 12. 0-0 Bb7 13. Be3 Na6 14. Rc1 Rc8 15. e5 e6 16. Qd2 c5 17. Bc4 cxd4 18. cxd4 Rxc4 19. Rxc4 Qd5 20. Nf4 Qxc4 21. Rc1 Qb3 22. h4 Rc8 23. Rxc8+ Bxc8 24. h5 Qc3 25. Qe2 Nc7 26. Qf3 b3 27. Ne2 Qc2 28. Bg5 b2 29. Nc3 Nd5 0-1